书目信息 |
| 题名: |
季羡林学术著作选集
|
|
| 作者: | 季羡林 著 ;王树英 主编 | |
| 分册: | 印度历史与文化 | |
| 出版信息: | 北京 新世界出版社 2016 |
|
| 页数: | 301页 | |
| 开本: | 24cm | |
| 丛书名: | ||
| 单 册: | ||
| 中图分类: | C52 , K351.03-53 | |
| 科图分类: | ||
| 主题词: | 文化史--wen hua shi--印度--文集 | |
| 电子资源: | ||
| ISBN: | 978-7-5104-5418-9 | |
| 000 | 01005nam0 22002891 450 | |
| 001 | 0120082303 | |
| 005 | 20170320082303.0 | |
| 010 | @a978-7-5104-5418-9@dCNY60.00 | |
| 100 | @a20161121d2016 em y0chiy50 ea | |
| 101 | 0 | @achi |
| 102 | @aCN@b110000 | |
| 105 | @aa z 000yy | |
| 106 | @ar | |
| 200 | 1 | @a季羡林学术著作选集@9ji xian lin xue shu zhu zuo xuan ji@i印度历史与文化@f王树英编 |
| 210 | @a北京@c新世界出版社@d2016 | |
| 215 | @a301页@c照片@d24cm | |
| 300 | @a季羡林基金会部分资助 | |
| 314 | @a主编:王树英 | |
| 330 | @a本书精选了季羡林先生撰写的介绍印度历史与文化的佳作十六篇,内容涉及印度的社会发展史、宗教史、文化史、中印佛教史、中印文化交流史以及印度的社会与文化等各个方面。 | |
| 600 | 0 | @a季羡林@Aji xian lin@f(1911-2009)@j文集 |
| 606 | 0 | @a文化史@9wen hua shi@y印度@j文集 |
| 690 | @aC52@v5 | |
| 690 | @aK351.03-53@v5 | |
| 701 | 0 | @a季羡林@9ji xian lin@4著 |
| 702 | 0 | @a王树英@9wang shu ying@4主编@4编 |
| 801 | 0 | @aCN@bTANGWEI@c20170308 |
| 905 | @b0957603-5@dC52@e302@f3 | |
| 季羡林学术著作选集.印度历史与文化/王树英编.-北京:新世界出版社,2016 |
| 301页:照片;24cm |
| 季羡林基金会部分资助 |
| ISBN 978-7-5104-5418-9:CNY60.00 |
| 本书精选了季羡林先生撰写的介绍印度历史与文化的佳作十六篇,内容涉及印度的社会发展史、宗教史、文化史、中印佛教史、中印文化交流史以及印度的社会与文化等各个方面。 |
| ● |
| 相关链接 |
|
|
|
|
正题名:季羡林学术著作选集
索取号:C52/302
 
预约/预借
| 序号 | 登录号 | 条形码 | 馆藏地/架位号 | 状态 | 备注 |
| 1 | 0957603 | 209576038 | 第一样本阅览室/ [索取号:C52/302] | 在馆 | |
| 2 | 0957604 | 209576047 | 第一借阅区/ [索取号:C52/302] | 在馆 | |
| 3 | 0957605 | 209576056 | 第一借阅区/ [索取号:C52/302] | 在馆 |